| 000 | 00593nam a2200193 a 4500 | ||
|---|---|---|---|
| 005 | 20140310183455.0 | ||
| 008 | 090803s19uu xx 00 eng d | ||
| 020 | _a0749445777 | ||
| 050 |
_aHG 4521 _b.Sh525 2006 |
||
| 100 | _aShipman, Mark | ||
| 245 |
_aThe next big investment boom : _blearn the secret of investing from a master and how to profit from commodities / _cMark Shipman. |
||
| 260 |
_aLondon : _bKogan Page, _c2006. |
||
| 300 |
_a179 p. : _c25 cm. |
||
| 521 | _aBSBA | ||
| 650 | _aInvestments. | ||
| 650 | _aCommodity exchanges. | ||
| 942 |
_cBK _2lcc _kFOR |
||
| 999 |
_c23566 _d23566 |
||